• 首页
  • 本馆介绍
  • 公告通知
  • 最新文献
  • 馆藏检索
  • 电子资源
  • 读者导购
  • 参考咨询
  • 我的图书馆
  • 登录
  • 详细信息显示
  • 放入我的书架
  • 预约/预借图书
  • 作者相关作品
  • 分类相关作品
  • 丛书相关作品
  • 出版社相关作品

书目信息

  • 表格格式
  • 工作单格式
  • 卡片格式
题名:
大学生村官计划
    
 
作者: ;中国共产党 编著
分册:  
出版信息: 南京   凤凰出版社  2012
页数: 170页
开本: 24cm
丛书名:
单 册:
中图分类: F325.4
科图分类:
主题词: 农村--干部工作--研究--中国
电子资源:
ISBN: 978-7-5506-1638-7
000 01081nam0 2200229 450
001 2359050937
005 20231216162422.18
010    @a978-7-5506-1638-7@dCNY30.00
100    @a20130318d2012 em y0chiy50 ea
101 0  @achi
102    @aCN@b320000
105    @aac z 000yy
200 1  @a大学生村官计划@Ada xue sheng cun guan ji hua@e具有长远战略意义的选择@f中共中央组织部组织二局编著
210    @a南京@c凤凰出版社@d2012
215    @a170页@c彩图, 肖像@d24cm
330    @a实施大学生村官计划是中央从党和国家长远发展需要出发, 着眼于为新农村建设培养骨干力量、改善基层党政干部来源作出的一项重大决策。本书全面总结大学生村官计划的发展历程, 系统介绍大学生村官计划的制度设计与政策内涵, 全方位展示4年来大学生村官工作的成效, 展现大学生村官的多样风采与精神面貌。
517 1  @a具有长远战略意义的选择@Aju you chang yuan zhan lve yi yi de xuan ze
606 0  @a农村@x干部工作@x研究@y中国
690    @aF325.4@v5
711 02 @a中国共产党@Azhong guo gong chan dang@b中央委员会@Bzhong yang wei yuan hui@b组织部@b组织二局@4编著
801  0 @aCN@b湖北三新@c20130418
905    @aZUCC@dF325.4@e150
    
    大学生村官计划:具有长远战略意义的选择/中共中央组织部组织二局编著.-南京:凤凰出版社,2012
    170页:彩图, 肖像;24cm
    
    
    ISBN 978-7-5506-1638-7:CNY30.00
    实施大学生村官计划是中央从党和国家长远发展需要出发, 着眼于为新农村建设培养骨干力量、改善基层党政干部来源作出的一项重大决策。本书全面总结大学生村官计划的发展历程, 系统介绍大学生村官计划的制度设计与政策内涵, 全方位展示4年来大学生村官工作的成效, 展现大学生村官的多样风采与精神面貌。
●
相关链接 在五车中查询图书 在当当中查询图书 在豆瓣中查询图书


正题名:大学生村官计划     索取号:F325.4/150         预约/预借

序号 登录号 条形码 馆藏地/架位号 状态 备注
1 2001479112   2001479112   411书库/ [索取号:F325.4/150] 在馆    
2 2001479113   2001479113   411书库/ [索取号:F325.4/150] 在馆    
3 2001479114   2001479114   411书库/ [索取号:F325.4/150] 在馆    
4 2001479115   2001479115   411书库/ [索取号:F325.4/150] 在馆    
5 2001479116   2001479116   411书库/ [索取号:F325.4/150] 在馆    
6 2001479117   2001479117   411书库/ [索取号:F325.4/150] 在馆    
7 2001479118   2001479118   411书库/ [索取号:F325.4/150] 在馆    
8 2001479119   2001479119   411书库/ [索取号:F325.4/150] 在馆    
9 2001479120   2001479120   411书库/ [索取号:F325.4/150] 在馆    
10 2001479121   2001479121   411书库/ [索取号:F325.4/150] 在馆    
11 2001479122   2001479122   411书库/ [索取号:F325.4/150] 在馆    
12 2001479123   2001479123   411书库/ [索取号:F325.4/150] 在馆    
13 2001479124   2001479124   411书库/ [索取号:F325.4/150] 在馆    
14 2001479125   2001479125   411书库/ [索取号:F325.4/150] 在馆    
15 2001479126   2001479126   411书库/ [索取号:F325.4/150] 在馆    
16 2001479127   2001479127   411书库/ [索取号:F325.4/150] 在馆    
17 2001479128   2001479128   411书库/ [索取号:F325.4/150] 在馆    
18 2001479129   2001479129   411书库/ [索取号:F325.4/150] 在馆    
19 2001479130   2001479130   411书库/ [索取号:F325.4/150] 在馆    
20 2001479131   2001479131   411书库/ [索取号:F325.4/150] 在馆    
21 2001479132   2001479132   411书库/ [索取号:F325.4/150] 在馆    
22 2001479133   2001479133   411书库/ [索取号:F325.4/150] 在馆    
23 2001479134   2001479134   411书库/ [索取号:F325.4/150] 在馆    
24 2001479135   2001479135   411书库/ [索取号:F325.4/150] 在馆    
25 2001479136   2001479136   411书库/ [索取号:F325.4/150] 在馆    
26 2001479137   2001479137   411书库/ [索取号:F325.4/150] 在馆    
27 2001479138   2001479138   411书库/ [索取号:F325.4/150] 在馆    
28 2001479139   2001479139   411书库/ [索取号:F325.4/150] 在馆    
29 2001479140   2001479140   411书库/ [索取号:F325.4/150] 在馆    
30 2001479141   2001479141   411书库/ [索取号:F325.4/150] 在馆    
山东省滨州职业学院图书馆 欢迎您!
大连网信软件有限公司© 版权所有